000 00503nam a22001697a 4500
005 20240925141138.0
008 240925b |||||||| |||| 00| 0 eng d
020 _a409005932
041 _aEnglish
082 _a348 SOU
100 _lEnglish
245 _aThe South African Encyclopaedia of Forms and Precedents
260 _aDurban:
_bButterworth and Company Ltd,
_c1973
300 _bxxv, 148 pages;
_c26 cm.
650 _aLegal practice
_bLaw
942 _cBK
_6ALISON_BN_VRIES
999 _c3136
_d3136